LEADER 01400nas 2200397 n 450 001 990008936570403321 005 20240229084618.0 011 $a1045-5752 035 $a000893657 035 $aFED01000893657 035 $a(Aleph)000893657FED01 035 $a000893657 091 $2CNR$aP 00220010 100 $a20161109a19889999km-y0itaa50------ba 101 0 $aeng 102 $aGB 110 $aauu-------- 200 1 $aCapitalism, nature, socialism 207 1$a1988- 210 $aSanta Cruz, Calif.$c[s.n. 326 $aTrimestrale 452 0$12001$aCapitalism, nature, socialism (Online) 517 0 $aCNS 530 0 $aCapitalism, nature, socialism 531 $aCAPITAL. NAT. SOCIAL. 676 $a304.2/05 801 0$aIT$bACNP$c20090723 859 4 $uhttp://acnp.cib.unibo.it/cgi-ser/start/it/cnr/dc-p1.tcl?catno=2342217&person=false&language=ITALIANO&libr=&libr_th=unina1$zBiblioteche che possiedono il periodico 901 $aSE 912 $a990008936570403321 958 $aBRAU. Biblioteca di Ricerca di Area Umanistica$b1992-2006;$eSP - Per. ingl. estinto 162$fFLFBC 959 $aFLFBC 996 $aCapitalism, nature, socialism$9796634 997 $aUNINA AP1 8 $6866-01$aNA072 BRAU. Biblioteca di Ricerca di Area Umanistica$bSP - Per. ingl. estinto 162$ePiazza Bellini 56/60, 80133 Napoli (NA)$m(081) 2533948$nit AP2 4 $uhttp://firstsearch.oclc.org LEADER 01626nam0 2200385 i 450 001 TO00332554 005 20251003044404.0 010 $a8821707490 020 $aIT$b98-336s 100 $a19950207d1995 ||||0itac50 ba 101 | $aita 102 $ait 181 1$6z01$ai $bxxxe 182 1$6z01$an 200 1 $aDiritto penale e diritto processuale penale tributario$fNicolò Pollari, Giuseppe Graziano 210 $a[Assago]$cIPSOA$d[1995] 215 $aXI, 309 p.$d25 cm 300 $aSeguono appendici. 606 $aDiritto processuale tributario$2FIR$3CFIC000360$9E 606 $aTributi$xDiritto penale$2FIR$3CFIC012991$9I 676 $a345.0233$9REATI TRIBUTARI$v21 676 $a345.45$9Diritto penale. Italia$v22 696 $aDiritto criminale 699 $aDiritto penale$yDiritto criminale 700 1$aPollari$b, Nicolò$3CFIV005279$4070$0406702 701 1$aGraziano$b, Giuseppe$f <1966- >$3CFIV132722$4070$0551258 790 1$aGraziano$b, R.$f <1966- >$3CFIV132723$zGraziano, Giuseppe <1966- > 801 3$aIT$bIT-000000$c19950207 850 $aIT-BN0095 901 $bNAP 01$cD $n$ 912 $aTO00332554 950 0$aBiblioteca Centralizzata di Ateneo$d 01D (AR) 21 085$e 01AR 0700210855 VMA A4 1 v.$fY $h19970602$i20181106$c1 v. in due copie$d 01D (AR) 21 086$e 01AR 0700210865 VMA A4(000bis 1 v. (2. copia)$fY $h19970602$i20181106 977 $a 01 996 $aDiritto penale e diritto processuale penale tributario$91439306 997 $aUNISANNIO